[Event "Najdorf Mem Open A 2016"]
[Site "Warsaw POL"]
[Date "2016.07.10"]
[Round "3.21"]
[White "Mista, Aleksander"]
[Black "Abdumalik, Zhansaya"]
[Result "1/2-1/2"]
[WhiteTitle "GM"]
[BlackTitle "WGM"]
[WhiteElo "2584"]
[BlackElo "2382"]
[WhiteFideId "1110381"]
[BlackFideId "13703544"]
[EventDate "2016.07.08"]

1. e4 e5 2. Nf3 Nc6 3. Bb5 Nf6 4. O-O Nxe4 5. d4 Nd6 6. Bxc6 dxc6 7. dxe5 Nf5 8.
Qxd8+ Kxd8 9. Nc3 Ke8 10. Rd1 h5 11. Bf4 Be7 12. Ne4 Be6 13. Nfg5 Rh6 14. g3 Rg6
15. h4 Bd5 16. Nc3 Rd8 17. Rd3 f6 18. exf6 gxf6 19. Bxc7 Rd7 20. Nxd5 fxg5 21.
Nxe7 Nxe7 22. Rxd7 Kxd7 23. Bb8 gxh4 24. Kh2 hxg3+ 25. fxg3 a6 26. Rd1+ Kc8 27.
Ba7 Kc7 28. Bc5 Nf5 29. a4 b6 30. Bf2 Re6 31. Rd2 Nd6 32. Kg2 Nc4 33. Rd4 b5 34.
axb5 axb5 35. Rh4 Nxb2 36. Rxh5 Nd1 37. Bc5 Ne3+ 38. Kf2 Nxc2 39. Rh7+ Kc8 40.
Rh8+ Kd7 41. Rh7+ Ke8 42. g4 Ne1 43. Rh3 Re4 44. Rc3 b4 45. Bxb4 Rxb4 46. Kxe1
Rxg4 47. Rxc6 1/2-1/2

[Event "Najdorf Mem Open A 2016"]
[Site "Warsaw POL"]
[Date "2016.07.10"]
[Round "3.22"]
[White "Donchenko, Alexander"]
[Black "Koksal, Ege"]
[Result "1-0"]
[WhiteTitle "GM"]
[BlackTitle "FM"]
[WhiteElo "2583"]
[BlackElo "2324"]
[WhiteFideId "24603295"]
[BlackFideId "6317626"]
[EventDate "2016.07.08"]

1. d4 d5 2. c4 c6 3. Nf3 Nf6 4. Nc3 e6 5. Bg5 Nbd7 6. e3 Be7 7. Bd3 O-O 8. O-O
dxc4 9. Bxc4 Nd5 10. Bxe7 Qxe7 11. Rc1 Nxc3 12. Rxc3 e5 13. Bb3 exd4 14. exd4
Nf6 15. Re1 Qd6 16. Ne5 Be6 17. Bxe6 fxe6 18. Qb3 Rab8 19. Rg3 Qd5 20. Qe3 Rbe8
21. a3 Nh5 22. Rg4 Rf5 23. h4 Nf6 24. Rg5 Rxg5 25. hxg5 Nd7 26. g6 h6 27. Nxd7
Qxd7 28. Qb3 Re7 29. Qb4 Re8 30. Qc4 Re7 31. Qc5 Qe8 32. f4 b6 33. Qd6 c5 34. d5
Kf8 35. Rxe6 1-0

[Event "Najdorf Mem Open A 2016"]
[Site "Warsaw POL"]
[Date "2016.07.10"]
[Round "3.23"]
[White "Macieja, Bartlomiej"]
[Black "Zaninotto, Franco"]
[Result "1-0"]
[WhiteTitle "GM"]
[BlackTitle "FM"]
[WhiteElo "2557"]
[BlackElo "2127"]
[WhiteFideId "1104306"]
[BlackFideId "800406"]
[EventDate "2016.07.08"]

1. e4 c5 2. Nf3 g6 3. d4 cxd4 4. Nxd4 Nc6 5. c4 Bg7 6. Be3 Nf6 7. Nc3 O-O 8. Be2
Nxd4 9. Bxd4 d6 10. Qd2 Bd7 11. O-O Bc6 12. f3 a5 13. b3 Nd7 14. Bf2 Nc5 15.
Rab1 e6 16. Rfd1 Be5 17. Nb5 Bxb5 18. cxb5 Qe7 19. Qe3 b6 20. f4 Bg7 21. Rd2
Rfd8 22. Rbd1 Rac8 23. a3 Bh6 24. Bg4 Rb8 25. b4 axb4 26. axb4 Nxe4 27. Qxe4 f5
28. Qf3 fxg4 29. Qxg4 e5 30. Bh4 Qd7 31. Qxd7 Rxd7 32. Rxd6 Rxd6 33. Rxd6 Bf8
34. Rd8 Rxd8 35. Bxd8 Bxb4 36. Bxb6 exf4 37. Bc7 Kf7 38. Bxf4 Ke6 39. Kf2 Kd5
40. Be3 Bd6 41. h3 h5 42. Kf3 Be5 43. b6 Kc6 44. Ke4 Bf6 45. Bd4 Bh4 46. Ke5 Bd8
47. Ke6 1-0

[Event "Najdorf Mem Open A 2016"]
[Site "Warsaw POL"]
[Date "2016.07.10"]
[Round "3.24"]
[White "Baskin, Robert"]
[Black "Lysyj, Igor"]
[Result "1/2-1/2"]
[WhiteTitle "FM"]
[BlackTitle "GM"]
[WhiteElo "2375"]
[BlackElo "2663"]
[WhiteFideId "24662402"]
[BlackFideId "4150120"]
[EventDate "2016.07.08"]

1. e4 e6 2. d4 d5 3. Nc3 Nf6 4. Bg5 dxe4 5. Nxe4 Be7 6. Bxf6 Bxf6 7. Nf3 O-O 8.
Qd2 Be7 9. O-O-O Qd5 10. Nc3 Qa5 11. Ne5 Bb4 12. Nc4 Bxc3 13. Nxa5 Bxd2+ 14.
Rxd2 b6 15. Nc4 Bb7 16. Ne3 Rd8 17. Bc4 Nc6 18. Rhd1 Ne7 19. d5 exd5 20. Nxd5
Nxd5 21. Bxd5 Rxd5 22. Rxd5 Bxd5 23. Rxd5 Kf8 24. Kd2 Ke7 25. Rd3 c6 26. Re3+
Kd6 27. Rd3+ Ke6 28. Re3+ Kd6 1/2-1/2

[Event "Najdorf Mem Open A 2016"]
[Site "Warsaw POL"]
[Date "2016.07.10"]
[Round "3.25"]
[White "Klenburg, Michael"]
[Black "Jones, Gawain C B"]
[Result "0-1"]
[WhiteTitle "IM"]
[BlackTitle "GM"]
[WhiteElo "2370"]
[BlackElo "2650"]
[WhiteFideId "14102072"]
[BlackFideId "409561"]
[EventDate "2016.07.08"]

1. g3 d5 2. Nf3 g6 3. Bg2 Bg7 4. O-O e5 5. d3 Ne7 6. c3 O-O 7. e4 a5 8. Na3 Nbc6
9. exd5 Nxd5 10. Nb5 a4 11. a3 Na5 12. c4 Nb3 13. Rb1 Ne7 14. Re1 Bf5 15. Bf1 e4
16. Nh4 exd3 17. Nxf5 Nxf5 18. Bxd3 c6 19. Nc3 Qa5 20. Bxf5 Qxf5 21. g4 Qa5 22.
Qf3 Nd4 23. Qd1 Rfd8 24. Be3 Nb5 25. Qxa4 Bxc3 26. Qxa5 Bxa5 27. cxb5 Bxe1 28.
Rxe1 cxb5 29. Bg5 Re8 30. Rd1 Ra4 31. h3 b4 32. axb4 Rxb4 33. Bf6 h6 34. Rd7 Rb5
35. Kg2 g5 36. Bc3 Kf8 37. Bf6 Rc8 38. Kg3 Rb6 39. Bc3 Ke8 40. Rd5 Rc4 41. f3
Re6 42. h4 f6 43. Rf5 Kf7 44. Rd5 Ke7 45. Kf2 Ra4 46. h5 b6 47. Rb5 Rf4 48. Bd2
Rd4 49. Bc3 Rd1 50. Rf5 Kf7 51. Rb5 Red6 52. Rb3 Ke6 53. Ra3 f5 54. Ra8 f4 55.
Ke2 Rh1 56. Rg8 Rh2+ 57. Ke1 Kd5 58. Bg7 Re6+ 59. Kf1 Ree2 60. Rd8+ Kc4 61. Rc8+
Kd3 62. Kg1 Rhg2+ 63. Kh1 Ke3 64. Bxh6 Kf2 65. Rc1 Kg3 66. Bxg5 Rh2+ 0-1

[Event "Najdorf Mem Open A 2016"]
[Site "Warsaw POL"]
[Date "2016.07.10"]
[Round "3.26"]
[White "Bok, Benjamin"]
[Black "Schroeder, Kevin"]
[Result "1/2-1/2"]
[WhiteTitle "GM"]
[BlackTitle "FM"]
[WhiteElo "2613"]
[BlackElo "2350"]
[WhiteFideId "1017063"]
[BlackFideId "12929840"]
[EventDate "2016.07.08"]

1. d4 Nf6 2. c4 e6 3. Nf3 Bb4+ 4. Nbd2 b6 5. a3 Bxd2+ 6. Qxd2 Bb7 7. e3 O-O 8.
Be2 d6 9. O-O Nbd7 10. b4 Qe7 11. Bb2 e5 12. dxe5 dxe5 13. Rfd1 a5 14. Qe1 Rfe8
15. Qc3 c5 16. bxa5 Rxa5 17. Qd2 Bc6 18. Qd6 Ba4 19. Rd2 Ne4 20. Qxe7 Rxe7 21.
Rd3 f6 22. Nd2 Ng5 23. Nb1 b5 24. Rd5 Ne6 25. cxb5 Nc7 26. Rd2 Bxb5 27. Bxb5
Rxb5 28. a4 Rb3 29. Rc2 Na6 30. Nd2 Rd3 31. Ba3 Nb6 32. a5 Nd5 33. Ne4 Ndb4 34.
Bxb4 cxb4 35. Rc6 Ra3 36. Rd1 Rxa5 37. Rd8+ Kf7 38. g4 b3 39. Rb6 Ra4 40. Nd6+
Kg6 41. h3 Rb4 42. Rxb4 Nxb4 43. Rb8 Rd7 44. Rxb4 Rxd6 45. Rxb3 1/2-1/2

[Event "Najdorf Mem Open A 2016"]
[Site "Warsaw POL"]
[Date "2016.07.10"]
[Round "3.27"]
[White "Sengupta, Deep"]
[Black "Barski, Radoslaw"]
[Result "1-0"]
[WhiteTitle "GM"]
[WhiteElo "2551"]
[BlackElo "2346"]
[WhiteFideId "5008352"]
[BlackFideId "1131710"]
[EventDate "2016.07.08"]

1. d4 Nf6 2. c4 e6 3. Nc3 Bb4 4. e3 O-O 5. Bd3 d5 6. cxd5 exd5 7. Ne2 Re8 8. Qc2
b6 9. a3 Bf8 10. O-O Bb7 11. b4 a6 12. Ng3 h5 13. Re1 h4 14. Nf1 Ne4 15. Bb2 Nd7
16. f3 Nxc3 17. Bxc3 g6 18. Rad1 Rc8 19. Bb2 Qg5 20. Qe2 b5 21. Qf2 f5 22. Nd2
Nf6 23. Nb3 Rcd8 24. Bc1 Qh5 25. Nc5 Bc8 26. a4 c6 27. axb5 axb5 28. Bb1 Bd6 29.
Nd3 h3 30. g3 g5 31. Ne5 g4 32. f4 Bxb4 33. Bd2 Bd6 34. Ba5 Rd7 35. Qc2 Bb7 36.
Nxd7 Nxd7 37. Qxf5 Qxf5 38. Bxf5 Nf6 39. Rc1 Ra8 40. Ra1 Bc8 41. Bd3 Ne4 42.
Bxe4 dxe4 43. Bc7 1-0

[Event "Najdorf Mem Open A 2016"]
[Site "Warsaw POL"]
[Date "2016.07.10"]
[Round "3.28"]
[White "Percivaldi, Martin"]
[Black "Svane, Rasmus"]
[Result "1/2-1/2"]
[WhiteTitle "FM"]
[BlackTitle "IM"]
[WhiteElo "2347"]
[BlackElo "2549"]
[WhiteFideId "1508148"]
[BlackFideId "4657101"]
[EventDate "2016.07.08"]

1. Nf3 d5 2. g3 Bg4 3. Bg2 Nd7 4. d4 c6 5. O-O e6 6. h3 Bh5 7. c4 dxc4 8. Nc3
Ngf6 9. e4 Be7 10. Qe2 Bxf3 11. Bxf3 Nb6 12. Be3 O-O 13. Rad1 Bb4 14. Bg2 Qe7
15. f4 Rad8 16. Qf2 Nfd7 17. g4 f6 18. Ne2 Bd6 19. Ng3 g6 20. Kh1 Rde8 21. Bc1
c5 22. d5 e5 23. f5 g5 24. Qe2 c3 25. bxc3 c4 26. Be3 Bc5 27. Rd2 Qd6 28. Rb1
Rc8 29. Bf1 Rf7 30. Kg2 Rc7 31. Kf3 a6 32. Bxc5 Nxc5 33. Qe3 Nba4 34. Bxc4 Nd7
35. Bf1 Rxc3 36. Rd3 Rc7 37. Rc1 Rxc1 38. Qxc1 Ndb6 39. Rd2 Rc7 40. Rc2 Rxc2 41.
Qxc2 Kf7 42. Bd3 Ke7 43. Ne2 Kd7 44. Nc1 Qb4 45. Nb3 Kd6 46. Bxa6 Qe1 47. Bd3
Qh1+ 48. Kg3 Qg1+ 49. Kf3 Qh1+ 50. Kg3 Qg1+ 51. Kf3 1/2-1/2

[Event "Najdorf Mem Open A 2016"]
[Site "Warsaw POL"]
[Date "2016.07.10"]
[Round "3.29"]
[White "Bednarek, Sylwester"]
[Black "Indjic, Aleksandar"]
[Result "0-1"]
[WhiteTitle "FM"]
[BlackTitle "GM"]
[WhiteElo "2340"]
[BlackElo "2547"]
[WhiteFideId "1101811"]
[BlackFideId "911925"]
[EventDate "2016.07.08"]

1. d4 d6 2. c4 g6 3. Nc3 Bg7 4. Nf3 e5 5. Bg5 f6 6. Bh4 g5 7. Bg3 f5 8. h3 g4 9.
hxg4 fxg4 10. Bh4 Qd7 11. Ng5 exd4 12. Nb5 Na6 13. Nxd4 Nc5 14. f3 h6 15. Ne4
Nxe4 16. fxe4 Be5 17. Qd3 Qg7 18. O-O-O Ne7 19. Kb1 Ng6 20. Be1 Bd7 21. e3 O-O-O
22. Qa3 Kb8 23. Bc3 Qf6 24. c5 dxc5 25. Qxc5 h5 26. Bd3 Qb6 27. Qxb6 axb6 28.
Bc2 h4 29. Bb3 Rdf8 30. Be1 h3 31. g3 Rf6 32. Nf5 Bc6 33. Bd5 Rd8 34. Nh6 Bd7
35. Bb3 Bd6 36. Bc3 Rf3 37. Nf7 Re8 38. e5 Bf5+ 39. Kc1 Bc5 40. Bd4 Rxe3 41. Nh6
Be6 42. Bxe6 Rxe6 43. Nxg4 Rxg3 44. Nf2 Nf4 45. Kb1 Bxd4 46. Rxd4 Rf3 47. Ng4
Rg6 48. Nf6 Rg2 49. Nd7+ Kc8 50. Rc1 c6 51. Nxb6+ Kb8 52. Nd7+ Kc7 53. Nc5 Rff2
54. Rb4 h2 55. Rxb7+ Kc8 56. Rb6 Rg1 57. Rxc6+ Kd8 58. Ne4 Rff1 59. Ng3 Rxc1+
60. Rxc1 Rxg3 0-1

[Event "Najdorf Mem Open A 2016"]
[Site "Warsaw POL"]
[Date "2016.07.10"]
[Round "3.30"]
[White "Lewicki, Miroslaw"]
[Black "Golubov, Saveliy"]
[Result "0-1"]
[WhiteTitle "CM"]
[BlackTitle "IM"]
[WhiteElo "2329"]
[BlackElo "2497"]
[WhiteFideId "1113380"]
[BlackFideId "24176729"]
[EventDate "2016.07.08"]

1. e4 g6 2. d4 Bg7 3. Nf3 d6 4. Nc3 Nf6 5. Bd3 O-O 6. O-O Na6 7. Qe2 Nb4 8. Bc4
Bg4 9. Bb3 Nc6 10. Be3 e5 11. d5 Nd4 12. Bxd4 exd4 13. Nb5 Re8 14. Nbxd4 Nxe4
15. Qb5 Nc5 16. c3 a6 17. Qa5 Nd3 18. Qa3 Bxd4 19. Nxd4 Qg5 20. h4 Qxh4 21. Bc2
Nf4 22. g3 Nh3+ 23. Kg2 Qh5 24. c4 Ng5 25. Rfe1 Qh3+ 26. Kg1 Qh6 27. f4 Qg7 28.
Ne6 Nh3+ 0-1

[Event "Najdorf Mem Open A 2016"]
[Site "Warsaw POL"]
[Date "2016.07.10"]
[Round "3.31"]
[White "Polok, Kacper"]
[Black "Nakar, Eylon"]
[Result "1/2-1/2"]
[WhiteTitle "FM"]
[BlackTitle "IM"]
[WhiteElo "2292"]
[BlackElo "2494"]
[WhiteFideId "1137158"]
[BlackFideId "2811111"]
[EventDate "2016.07.08"]

1. e4 e6 2. d4 d5 3. Nd2 c5 4. exd5 Qxd5 5. Ngf3 cxd4 6. Bc4 Qd6 7. O-O Nf6 8.
Re1 Nc6 9. Ne4 Qd8 10. Bb5 Bd7 11. Nxf6+ Qxf6 12. c3 Bd6 13. Nxd4 O-O-O 14. Be3
Bc7 15. Qa4 Nxd4 16. Bxd7+ Rxd7 17. Bxd4 Qh6 18. g3 a6 19. Qc4 Qg5 20. Rad1 Rhd8
21. Be5 Kb8 22. Bxc7+ 1/2-1/2

[Event "Najdorf Mem Open A 2016"]
[Site "Warsaw POL"]
[Date "2016.07.10"]
[Round "3.32"]
[White "Harazinska, Ewa"]
[Black "Warakomski, Tomasz"]
[Result "0-1"]
[WhiteTitle "WFM"]
[BlackTitle "IM"]
[WhiteElo "2279"]
[BlackElo "2492"]
[WhiteFideId "1118374"]
[BlackFideId "1124552"]
[EventDate "2016.07.08"]

1. d4 Nf6 2. c4 e6 3. Nf3 c5 4. Nc3 cxd4 5. Nxd4 Nc6 6. a3 Bc5 7. Nb3 Be7 8. e4
d6 9. Be2 O-O 10. O-O b6 11. Bf4 Bb7 12. Rc1 Rc8 13. Re1 Ne5 14. Nd2 Qc7 15. Bg3
Rfd8 16. b4 Qb8 17. f4 Ng6 18. Bf3 Qa8 19. Qe2 Bf8 20. Nb5 a6 21. Nc3 a5 22. Kh1
d5 23. exd5 exd5 24. Na4 Qa7 25. cxd5 Rxc1 26. Rxc1 axb4 27. Qb5 Nxd5 28. f5 Ba6
29. Qxd5 Rxd5 30. Bxd5 Ne7 31. Rc7 Bb7 32. Bb3 bxa3 33. Nc3 Qa8 34. Kg1 Bxg2 35.
f6 gxf6 36. Bd6 Bh1 37. Kf2 Nd5 38. Nxd5 Bxd5 39. Ne4 Bxb3 0-1

[Event "Najdorf Mem Open A 2016"]
[Site "Warsaw POL"]
[Date "2016.07.10"]
[Round "3.33"]
[White "Dastan, Muhammed Batuhan"]
[Black "Bartel, Michal"]
[Result "1-0"]
[WhiteTitle "IM"]
[BlackTitle "FM"]
[WhiteElo "2480"]
[BlackElo "2341"]
[WhiteFideId "6300014"]
[BlackFideId "1119257"]
[EventDate "2016.07.08"]

1. Nf3 Nf6 2. g3 g6 3. b3 Bg7 4. Bb2 O-O 5. Bg2 d6 6. d4 Nc6 7. O-O e5 8. dxe5
Ng4 9. c4 Rb8 10. Nc3 Ngxe5 11. Nxe5 Nxe5 12. Qd2 Bd7 13. Nd5 Bc6 14. f4 Bxd5
15. cxd5 Ng4 16. Bxg7 Kxg7 17. e4 Re8 18. Qd4+ Qf6 19. Qd2 Qd8 20. Rae1 Kg8 21.
h3 Nf6 22. e5 dxe5 23. fxe5 Nh5 24. Qf2 Qe7 25. g4 Ng7 26. Qxa7 b6 27. d6 cxd6
28. Qxe7 Rxe7 29. exd6 Rd7 30. Bd5 Rf8 31. Re7 Rxd6 32. Bxf7+ Kh8 33. Bc4 Rxf1+
34. Kxf1 h5 35. Ke2 Rd4 36. Kf3 Kh7 37. Rb7 Rd6 38. a4 Kh6 39. g5+ Kh7 40. Ke4
Kh8 41. Rb8+ Kh7 42. Bg8+ Kh8 43. Ke5 Rd1 44. Bc4+ Kh7 45. Rxb6 Rg1 46. h4 Nf5
47. a5 Nxh4 48. Rb7+ Kh8 49. a6 Rxg5+ 50. Kd4 1-0

[Event "Najdorf Mem Open A 2016"]
[Site "Warsaw POL"]
[Date "2016.07.10"]
[Round "3.34"]
[White "Bartel, Marta"]
[Black "Smirnov, Anton"]
[Result "1/2-1/2"]
[WhiteTitle "WGM"]
[BlackTitle "IM"]
[WhiteElo "2260"]
[BlackElo "2478"]
[WhiteFideId "1123009"]
[BlackFideId "3208923"]
[EventDate "2016.07.08"]

1. d4 d5 2. c4 e6 3. Nc3 Nf6 4. cxd5 exd5 5. Bg5 c6 6. e3 h6 7. Bh4 Be7 8. Bd3
Nbd7 9. Qc2 Nb6 10. Nge2 Nh5 11. Bxe7 Qxe7 12. O-O O-O 13. Na4 Nxa4 14. Qxa4 Bg4
15. b4 a6 16. Qb3 Nf6 17. Rfc1 Bxe2 18. Bxe2 Ne4 19. Bf1 Qf6 20. Qb2 Rac8 21. a4
Nd6 22. Qb3 Ne4 23. Qb2 Rfe8 24. Rc2 Nd6 25. Qb3 Red8 26. Rac1 Qe6 27. h3 g6 28.
Bd3 h5 29. Rc5 Kg7 30. R1c2 Ra8 31. Rc1 Rdc8 32. R5c2 Kg8 33. Rc3 Kg7 34. R3c2
Rd8 35. Rc5 Rac8 36. R5c2 Rf8 37. Rc5 Rfe8 38. R5c2 Red8 39. Rc3 Re8 40. Rc5
Red8 41. R5c2 Ra8 42. Rc5 Rdc8 43. R5c2 Ra7 44. Rc5 Rca8 45. R5c3 Qe7 46. R3c2
Nc8 47. Rc3 Qd6 48. R3c2 Ne7 49. Rc3 b5 50. Rc5 Rb7 51. Ra1 Qb8 52. Qc3 Kg8 53.
e4 bxa4 54. Rxa4 Qf4 55. e5 h4 56. Rca5 f6 57. exf6 Qxf6 58. Rxa6 Rf8 59. Ra2
Qf4 60. Ra8 Rbb8 61. Rxb8 Rxb8 62. Ra7 Qd6 63. Qe1 Kf7 64. Bxg6+ Kf8 65. Bd3
Rxb4 66. Qe3 Qf6 67. Ra8+ Kg7 68. Ra7 Kf8 69. Ra8+ Kg7 70. Ra7 Kf8 1/2-1/2

[Event "Najdorf Mem Open A 2016"]
[Site "Warsaw POL"]
[Date "2016.07.10"]
[Round "3.36"]
[White "Meskovs, Nikita"]
[Black "Przedmojski, Rafal"]
[Result "0-1"]
[WhiteTitle "IM"]
[WhiteElo "2469"]
[BlackElo "2337"]
[WhiteFideId "11602740"]
[BlackFideId "1102451"]
[EventDate "2016.07.08"]

1. d4 d5 2. c4 e6 3. Nc3 c6 4. Nf3 dxc4 5. e3 b5 6. a4 Bb4 7. Bd2 a5 8. axb5
Bxc3 9. Bxc3 cxb5 10. b3 Bb7 11. bxc4 b4 12. Bb2 Nf6 13. Bd3 O-O 14. O-O Nbd7
15. Qc2 Qc7 16. Rfc1 Rfc8 17. e4 e5 18. c5 exd4 19. Bxd4 h6 20. e5 Nd5 21. e6
fxe6 22. Bh7+ Kh8 23. Bxg7+ Kxg7 24. Qg6+ Kh8 25. Qxh6 Nf8 26. Bg6+ Nh7 27. Ne5
Qg7 28. Qh4 Rc7 29. Re1 Qf6 30. Qd4 Rg7 31. Re4 Nc3 32. Re3 Rd8 33. Qg4 Rdg8 34.
Qh5 Rxg6 35. Nxg6+ Rxg6 0-1

[Event "Najdorf Mem Open A 2016"]
[Site "Warsaw POL"]
[Date "2016.07.10"]
[Round "3.37"]
[White "Kenneskog, Theodor"]
[Black "Socko, Monika"]
[Result "1/2-1/2"]
[WhiteTitle "FM"]
[BlackTitle "GM"]
[WhiteElo "2249"]
[BlackElo "2462"]
[WhiteFideId "1715011"]
[BlackFideId "1106619"]
[EventDate "2016.07.08"]

1. d4 Nf6 2. c4 g6 3. Nc3 d5 4. Bf4 Bg7 5. e3 O-O 6. Nf3 c5 7. dxc5 Qa5 8. Rc1
dxc4 9. Bxc4 Qxc5 10. Bb3 Nc6 11. O-O Qa5 12. h3 Bf5 13. Qe2 e5 14. Bh2 Rae8 15.
Rfd1 Be6 16. Nd2 Bxb3 17. Nxb3 Qb4 18. Qb5 Re7 19. Nc5 Rc8 20. a3 Qxb5 21. Nxb5
Ne8 22. b4 f5 23. g4 a5 24. Nc3 axb4 25. Nd5 Rf7 26. axb4 Nc7 27. Nb6 Rb8 28.
Nbd7 Rd8 29. gxf5 gxf5 30. Nxb7 Rdxd7 31. Rxd7 Rxd7 32. Rxc6 f4 33. exf4 exf4
34. Bxf4 Nd5 35. Rd6 Rxb7 36. Rxd5 Rxb4 37. Be3 Rb7 38. Kg2 Kf7 39. h4 Bf6 40.
Bg5 Bxg5 41. Rxg5 Kf6 42. Kg3 Rb1 43. Kg4 Rf1 44. f3 Rg1+ 45. Kh5 Rxg5+ 46.
hxg5+ Kf5 47. Kh6 Kf4 48. g6 hxg6 49. Kxg6 Kxf3 1/2-1/2

[Event "Najdorf Mem Open A 2016"]
[Site "Warsaw POL"]
[Date "2016.07.10"]
[Round "3.38"]
[White "Feuerstack, Aljoscha"]
[Black "Osmanodja, Filiz"]
[Result "1/2-1/2"]
[WhiteTitle "IM"]
[BlackTitle "WIM"]
[WhiteElo "2454"]
[BlackElo "2318"]
[WhiteFideId "4681932"]
[BlackFideId "24633569"]
[EventDate "2016.07.08"]

1. e4 e5 2. Nf3 Nc6 3. Bb5 a6 4. Ba4 Nf6 5. O-O Be7 6. d3 b5 7. Bb3 d6 8. a3 Na5
9. Ba2 c5 10. Nc3 Be6 11. Nh4 O-O 12. Nf5 Bxf5 13. exf5 c4 14. dxc4 bxc4 15. Bg5
Rc8 16. Qd2 Qd7 17. Bxf6 Bxf6 18. Ne4 Nb7 19. Rad1 Rfd8 20. Qd5 Qc6 21. Bxc4
Qxc4 22. Qxb7 d5 23. Nxf6+ gxf6 24. Qe7 Qc6 25. Rd3 Rd7 26. Qb4 d4 27. Rg3+ Kh8
28. Qd2 Rg8 29. Re1 Rxg3 30. hxg3 Kg7 31. Qd3 Rc7 32. Re2 Qb5 33. Qxb5 axb5 34.
f4 e4 35. Rxe4 Rxc2 36. Rxd4 Rxb2 37. Rb4 Ra2 38. Rb3 h5 39. Kf1 1/2-1/2

[Event "Najdorf Mem Open A 2016"]
[Site "Warsaw POL"]
[Date "2016.07.10"]
[Round "3.39"]
[White "Kowalczyk, Rafal"]
[Black "Skliarov, Viktor"]
[Result "0-1"]
[BlackTitle "FM"]
[WhiteElo "2204"]
[BlackElo "2429"]
[WhiteFideId "1133853"]
[BlackFideId "14106736"]
[EventDate "2016.07.08"]

1. d4 Nf6 2. c4 e6 3. Nc3 Bb4 4. e3 b6 5. Ne2 Ne4 6. Qc2 Bb7 7. a3 Bxc3+ 8. Nxc3
Nxc3 9. Qxc3 d6 10. b4 O-O 11. Bb2 a5 12. b5 Nd7 13. c5 Be4 14. f3 Bg6 15. h4 h5
16. c6 Nf6 17. O-O-O d5 18. Qb3 a4 19. Qa2 Ne8 20. Bc3 Nd6 21. Qf2 Qf6 22. Rd2
Rfd8 23. Qg3 Bh7 24. Bb4 Qh6 25. Bxd6 Rxd6 26. Qg5 Qg6 27. Rb2 f6 28. Qxg6 Bxg6
29. Kd2 e5 30. Rb4 Kf7 31. Be2 Ke6 32. Bd1 Rdd8 33. Kc3 Kd6 34. Re1 Re8 35. Re2
Ra5 36. Reb2 e4 37. Kd2 exf3 38. gxf3 Bf5 39. f4 g5 40. fxg5 fxg5 41. hxg5 h4
42. Bc2 Bg4 43. Rb1 h3 44. Rf1 Raa8 45. Rbb1 Rf8 46. Bh7 Bf3 47. g6 Be4 48. Rxf8
Rxf8 49. g7 Rf2+ 50. Ke1 Rg2 51. Bxe4 dxe4 52. Rb2 Rg1+ 53. Kf2 Rxg7 54. Kf1 Rg3
55. Re2 Kd5 56. Rf2 Rxe3 57. Rf5+ Kxd4 58. Kg1 Rf3 59. Rh5 e3 60. Rh7 e2 0-1

[Event "Najdorf Mem Open A 2016"]
[Site "Warsaw POL"]
[Date "2016.07.10"]
[Round "3.40"]
[White "Yilmazyerli, Mert"]
[Black "Hacker, Jonas"]
[Result "1-0"]
[WhiteTitle "IM"]
[BlackTitle "FM"]
[WhiteElo "2424"]
[BlackElo "2275"]
[WhiteFideId "6305962"]
[BlackFideId "1270968"]
[EventDate "2016.07.08"]

1. g3 d5 2. Bg2 c6 3. d3 Nf6 4. Nd2 e5 5. e4 dxe4 6. dxe4 Bc5 7. Ngf3 O-O 8. O-O
Nbd7 9. Qe2 Re8 10. Nb3 Bb6 11. Nh4 Nc5 12. Rd1 Bg4 13. Bf3 Qc8 14. Nxc5 Bxc5
15. Bg5 Bxf3 16. Qxf3 Ng4 17. Rf1 h6 18. Nf5 Nxf2 19. Be3 Nh3+ 20. Kg2 Bxe3 21.
Qxe3 Ng5 22. h4 Nh7 23. Nd6 Qe6 24. Nxe8 Rxe8 25. Qb3 Qg6 26. Qf3 Qe6 27. Qf5
Qxf5 28. exf5 Nf6 29. Rad1 h5 30. Rfe1 e4 31. Rd4 Kh7 32. Rf1 Re5 33. Rf4 Rc5
34. c3 Ra5 35. a3 Re5 36. Kf1 a5 37. Ke2 Rb5 38. Rd2 Kg8 39. a4 Rc5 40. Rd8+ Kh7
41. Ra8 Rd5 42. Ra7 Rd7 43. Rxa5 Rd3 44. Rxe4 Rxg3 45. Re7 Rg4 46. Ra7 Rxh4 47.
Raxb7 Rxa4 48. Rxf7 1-0

[Event "Najdorf Mem Open A 2016"]
[Site "Warsaw POL"]
[Date "2016.07.10"]
[Round "3.41"]
[White "Lindgren, Philip"]
[Black "Zochowski, Kacper"]
[Result "1-0"]
[WhiteTitle "IM"]
[WhiteElo "2411"]
[BlackElo "2248"]
[WhiteFideId "1713230"]
[BlackFideId "1125494"]
[EventDate "2016.07.08"]

1. d4 Nf6 2. c4 e6 3. Nf3 Bb4+ 4. Nbd2 O-O 5. a3 Bxd2+ 6. Qxd2 b6 7. e3 Bb7 8.
Be2 Ne4 9. Qc2 f5 10. O-O d6 11. b4 Rf6 12. Bb2 Rg6 13. d5 Nd7 14. Nd4 exd5 15.
Nxf5 d4 16. Bf3 Ne5 17. Bxe4 d3 18. Qb3 Bxe4 19. Ng3 Qh4 20. Bxe5 dxe5 21. c5+
Kh8 22. Qc4 Rh6 23. h3 Bc6 24. e4 Qd8 25. Rfd1 Rg6 26. Rxd3 Qg5 27. b5 Be8 28.
Rf3 Bd7 29. Qd5 1-0

[Event "Najdorf Mem Open A 2016"]
[Site "Warsaw POL"]
[Date "2016.07.10"]
[Round "3.42"]
[White "Karpus, Michal"]
[Black "Szczepkowska-Horowska, Karina"]
[Result "0-1"]
[WhiteTitle "FM"]
[BlackTitle "WGM"]
[WhiteElo "2179"]
[BlackElo "2411"]
[WhiteFideId "1174088"]
[BlackFideId "1122681"]
[EventDate "2016.07.08"]

1. e4 c5 2. Nf3 d6 3. d4 cxd4 4. Nxd4 Nf6 5. Nc3 Bd7 6. Be3 a6 7. f3 e6 8. Qd2
Be7 9. g4 Nc6 10. O-O-O O-O 11. h4 b5 12. h5 Ne5 13. g5 Ne8 14. Rg1 Qa5 15. f4
b4 16. Nb1 Nc6 17. Bc4 Nxd4 18. Bxd4 Rc8 19. Bb3 Ba4 20. Rg3 Bxb3 21. axb3 e5
22. Be3 exf4 23. Bxf4 Rc5 24. Rdg1 Qc7 25. g6 fxg6 26. hxg6 Bf6 27. Qh2 h6 28.
Rd3 Bxb2+ 29. Kxb2 Rxf4 30. Rc1 Rxe4 31. Nd2 Re6 32. Nf3 Qe7 33. Nd4 Rxg6 34.
Rg1 Rxg1 35. Qxg1 Nf6 36. Re3 Qf7 37. Qg3 Rd5 38. Nc6 Nh5 39. Qg4 Rg5 40. Qc8+
Kh7 41. Re8 Qf6+ 42. Ka2 g6 43. Qxa6 Ng7 44. Re1 Qc3 45. Rc1 Rc5 46. Nd8 Rc7 47.
Kb1 h5 0-1